000 00254nam a2200109Ia 4500
008 190912s9999||||xx |||||||||||||| ||und||
100 _aIan Graham
245 0 _aMigrating To Object Technology
260 _aUSA
_bAddison
_c1995
300 _a552
942 _cBK
999 _c7193
_d7193